UBT Library

Contemporary Philosophic Problems (Record no. 52477)

000 -LEADER
fixed length control field 00270nam a22001217a 4500
008 - FIXED-LENGTH DATA ELEMENTS--GENERAL INFORMATION
fixed length control field 181126b xxu||||| |||| 00| 0 eng d
041 ## - LANGUAGE CODE
Language code of text/sound track or separate title eng
080 ## - UNIVERSAL DECIMAL CLASSIFICATION NUMBER
Universal Decimal Classification number 101
100 ## - Rafti
Rafti 34
101 ## - Shkurtesa
Shkurtesa FIL
245 ## - TITLE STATEMENT
Title Contemporary Philosophic Problems
Statement of responsibility, etc Edel.A
942 ## - ADDED ENTRY ELEMENTS (KOHA)
Source of classification or shelving scheme
Item type Books
Holdings
Withdrawn status Lost status Source of classification or shelving scheme Damaged status Not for loan Collection code Permanent location Current location Shelving location Date acquired Total Checkouts Full call number Barcode Date last seen Price effective from Koha item type
          Koleksioni i përgjithshem UBT - Lipjan UBT - Lipjan Koleksioni i përgjithshem 11/26/2018   101 EDE 002-3019885 11/26/2018 11/26/2018 Books
UBT Library © 2015-2024. All rights reserved University Education for Business and Technology